The 12.30 from Croydon (Record no. 190888)
[ view plain ]
| 000 -LEADER | |
|---|---|
| fixed length control field | 00588 a2200169 4500 |
| 003 - CONTROL NUMBER IDENTIFIER | |
| control field | Nust |
| 005 - DATE AND TIME OF LATEST TRANSACTION | |
| control field | 20230526113013.0 |
| 040 ## - CATALOGING SOURCE | |
| Transcribing agency | Nust |
| 082 ## - DEWEY DECIMAL CLASSIFICATION NUMBER | |
| Classification number | 808.8,CRO |
| 100 ## - MAIN ENTRY--PERSONAL NAME | |
| Personal name | Crofts, Freeman Wills, |
| 9 (RLIN) | 112685 |
| 245 ## - TITLE STATEMENT | |
| Title | The 12.30 from Croydon |
| Statement of responsibility, etc. | Freeman Wills Croft |
| 260 ## - PUBLICATION, DISTRIBUTION, ETC. | |
| Place of publication, distribution, etc. | London |
| Name of publisher, distributor, etc. | Hodder & Stoughton, limited |
| Date of publication, distribution, etc. | 1934 |
| 300 ## - PHYSICAL DESCRIPTION | |
| Extent | 336 p. |
| Other physical details | 20 cm |
| 505 ## - FORMATTED CONTENTS NOTE | |
| Formatted contents note | Andrew Takes the Air (Page-7), Charles (Page-21-296), French Begins His Story (Page-307), French Completes his Story (Page-321). |
| 650 ## - SUBJECT ADDED ENTRY--TOPICAL TERM | |
| Topical term or geographic name entry element | French, Joseph (Fictitious character) --Fiction. |
| 9 (RLIN) | 112686 |
| 942 ## - ADDED ENTRY ELEMENTS (KOHA) | |
| Source of classification or shelving scheme | |
| Koha item type | Book |
| Withdrawn status | Lost status | Source of classification or shelving scheme | Damaged status | Not for loan | Permanent Location | Current Location | Shelving location | Date acquired | Full call number | Barcode | Date last seen | Price effective from | Koha item type | Public note |
|---|---|---|---|---|---|---|---|---|---|---|---|---|---|---|
| Military College of Signals (MCS) | Military College of Signals (MCS) | General Stacks | 12/12/2016 | 808.8,CRO | MCS29153 | 12/08/2016 | 12/12/2016 | Book | Almirah No.56, Shelf No.2 |
